El desafío de compatibilizar la democracia con el desarrollo económico y social /
Gardado en:
| Autor Principal: | |
|---|---|
| Formato: | Texto |
| Etiquetas: |
Engadir etiqueta
Sen Etiquetas, Sexa o primeiro en etiquetar este rexistro!
|
MARC
| LEADER | 00000 a a2200000 04500 | ||
|---|---|---|---|
| 001 | 48106 | ||
| 003 | |||
| 040 | |||
| 100 | |a Aylwin Azócar, Patricio | ||
| 245 | |a El desafío de compatibilizar la democracia con el desarrollo económico y social / |c Patricio Aylwin Azócar | ||
| 773 | |g número43, (julio-setiembre, 1996), páginas 69-78 | ||
| 999 | |c 39828 |d 39828 | ||
